| 000 | 00934cam a2200289 4500 | ||
|---|---|---|---|
| 001 | 4265874 | ||
| 003 | GBCCL | ||
| 005 | 20241126110358.0 | ||
| 008 | 980629s1998 ii b 001 0 eng d | ||
| 020 | _a8172144113 | ||
| 035 | _a(OCoLC)ocn686058113 | ||
| 035 | _a4265874 | ||
| 040 |
_aDWT _cDWT _dMH-AH _dCStRLIN |
||
| 082 |
_a261.27 _bDHA |
||
| 100 | 1 |
_aDharmaraj, Glory E., _d1945- _92554 |
|
| 245 | 1 | 0 |
_aChristianity and Islam : _ba missiological encounter / _cby Glory E. Dharmaraj, Jacob S. Dharmaraj. |
| 250 | _aRev ed. | ||
| 260 |
_aDelhi : _bISPCK, _c1999. |
||
| 300 |
_ax, 321 p. : _bmap ; _c22 cm. |
||
| 504 | _aIncludes bibliographical references (p. [311]-318) and index. | ||
| 650 | 0 |
_aChristianity and other religions _xIslam. _91068 |
|
| 650 | 0 |
_aIslam _xRelations _xChristianity. _91067 |
|
| 650 | 0 |
_aMissions. _9885 |
|
| 650 | 0 |
_aIslam _xMissions. _92555 |
|
| 700 | 1 |
_aDharmaraj, Jacob S. _92556 |
|
| 942 |
_2ddc _cBK _013 |
||
| 999 |
_c1310 _d1310 |
||